000 01591cam a2200229 a 4500
005 20210616114617.0
020 _a9780143106760
020 _a0143106767
035 _a759911129
050 0 0 _aPR9381.9.N45
_bG73 2012
082 0 0 _a823/.914
_223
100 0 _aNgũgĩ wa Thiongʼo,
_d1938-
_0http://id.loc.gov/authorities/names/n50009069
245 1 2 _aA grain of wheat /
_cNgũgĩ wa Thiong'o ; introduction by Abdulrazak Gurnah.
260 _aNew York :
_bPenguin Books,
_c2012.
300 _axvi, 242 p. ;
_c20 cm.
490 1 _aPenguin classics
520 _a"Two brothers, Njoroge and Kamau, stand on a garbage heap and look into their futures: Njoroge is to attend school, while Kamau will train to be a carpenter. But this is Kenya, and the times are against them: in the forests, the Mau Mau is waging war against the white government, and the two brothers and their family need to decide where their loyalties lie. For the practical Kamau, the choice is simple, but for Njoroge the scholar, the dream of progress through learning is a hard one to give up.First published in 1964, Weep Not, Child is a moving novel about the effects of the infamous Mau Mau uprising on the lives of ordinary men and women, and on one family in particular"
651 0 _aKenya
_vFiction.
_0http://id.loc.gov/authorities/subjects/sh2008115699
655 7 _aHistorical fiction.
_2lcgft
_0http://id.loc.gov/authorities/genreForms/gf2014026370
700 1 _aGurnah, Abdulrazak,
_d1948-
_0http://id.loc.gov/authorities/names/n87934440
830 0 _aPenguin classics.
_0http://id.loc.gov/authorities/names/n42742214
999 _c713
_d713